000 00725nam a22002297a 4500
005 20170124105930.0
010 _aA-682641
020 _a8185495173
_c00
035 _aA-682641
037 _bCen Lib/Ret
040 _aDPL
_bEN
082 _a330.91724
100 _aDutt, R.C.
_911278
245 _aSocialism in cricis :
_bproblems of underdeveloped countries /
_cby R.C. Dutt
260 _aNew Delhi
_bKhama Publishers
_c1993
270 _a21-D, nivedita enclave, A-6, paschim vihar
_bNew Delhi
_e110063
300 _avii, 139p.
_c20cm(Hb)
500 _aincludes appendix
650 _aEconomic development
_zIndia
_972046
650 _aLiberalization
_972047
942 _2ddc
_cEN
_h330.91724
_mDUT
999 _c123765
_d123765